Geodomination in graphs II /
Spremljeno u:
| Glavni autor: | |
|---|---|
| Format: | Članak |
| Jezik: | English |
| Teme: | |
| Oznake: |
Dodaj oznaku
Bez oznaka, Budi prvi tko označuje ovaj zapis!
|
| Thư viện lưu trữ: | Thư viện Trường Đại học Đà Lạt |
|---|
| LEADER | 00801nam a2200277 4500 | ||
|---|---|---|---|
| 001 | DLU090098639 | ||
| 005 | ##20091201 | ||
| 040 | # | # | |a DLU |b eng |
| 041 | # | # | |a eng |
| 044 | # | # | |a IN |
| 100 | # | # | |a Dazemi, A. P. |
| 245 | # | # | |a Geodomination in graphs II / |c A. P. Kazemi. |
| 653 | # | # | |a Extreme vertex |
| 653 | # | # | |a Geodomination number |
| 653 | # | # | |a Independent set |
| 653 | # | # | |a Subdivision graph. |
| 773 | # | # | |t Journal of Discrete Mathematical Sciences & Cryptography |g Vol. 12, no. 1 (February 2009), p. 43-50 |
| 920 | # | # | |a Phòng Tạp chí -- Trung tâm Thông tin - Thư viện Trường Đại học Đà Lạt |
| 994 | # | # | |a DLU |
| 900 | # | # | |a True |
| 911 | # | # | |a Trương Bảo Trâm Anh |
| 925 | # | # | |a G |
| 926 | # | # | |a A |
| 927 | # | # | |a BB |
| 980 | # | # | |a Thư viện Trường Đại học Đà Lạt |